Carta Encíclica Laudato Si sobre el Cuidado de la Casa Común (Record no. 26792)

MARC details
000 -LEADER
campo de control de longitud fija 00331nam a2200121Ia 4500
005 - FECHA Y HORA DE LA ÚLTIMA TRANSACCIÓN
campo de control 20251222152606.0
008 - DATOS DE LONGITUD FIJA--INFORMACIÓN GENERAL
campo de control de longitud fija 251222s9999||||xx |||||||||||||| ||spa||
082 ## - NÚMERO DE LA CLASIFICACIÓN DECIMAL DEWEY
Número de clasificación 262.91/U61
100 ## - ENTRADA PRINCIPAL--NOMBRE DE PERSONA
Nombre de persona Pastoral Universitaria UCSS
245 #0 - MENCIÓN DEL TÍTULO
Título Carta Encíclica Laudato Si sobre el Cuidado de la Casa Común
250 ## - MENCION DE EDICION
Mención de edición 1ra.ed.
942 ## - ELEMENTOS DE ENTRADA SECUNDARIOS (KOHA)
Tipo de ítem Koha Libros
Holdings
Estatus retirado Estado de pérdida Estado de daño No para préstamo Biblioteca de origen Biblioteca actual Ubicación en estantería Fecha de adquisición Total de préstamos Signatura topográfica completa Código de barras Visto por última vez Precio de reemplazo Tipo de ítem Koha
        Biblioteca Nopoki Biblioteca Nopoki Programa 22/12/2025   262.91/U61 0004291 22/12/2025 22/12/2025 Libros